Teoría y práctica del derecho internacional público. Las relaciones entre el derecho internacional y el derecho interno.

Guardat en:
Dades bibliogràfiques
Autor principal: Llanos Mansilla, Hugo (autor)
Format: Llibre
Idioma:anglès
Publicat: Santiago, Chile: Jurídica, 2005
Edició:Primera edición
Matèries:
Etiquetes: Afegir etiqueta
Sense etiquetes, Sigues el primer a etiquetar aquest registre!

MARC

LEADER 00000nam a22000007a 4500
003 CL-VaPUC
005 20250327160030.0
008 250327t2005 ||||| |||| 00| 0 eng d
999 |c 447716  |d 447714 
020 |a 978-956-10-1740-7 o.c 
020 |a 978-956-10-2069-6 (t.4) 
040 |c Pontificia Universidad Católica de Valparaíso 
082 0 4 |2 21  |a 341.01 LLA 2005 
100 1 |a Llanos Mansilla, Hugo  |e autor  |9 897678 
245 1 0 |a Teoría y práctica del derecho internacional público.  |b Las relaciones entre el derecho internacional y el derecho interno. 
250 |a Primera edición 
260 |a Santiago, Chile:  |b Jurídica,  |c 2005 
300 |a Tomo 4 
583 |c 20250327  |k Valeria Valenzuela 
650 1 |a Derecho internacional público   |9 897679 
650 1 |a Fuentes del derecho   |9 255162 
650 1 |a Tratados internacionales  |9 256056 
942 |2 ddc  |c BK 
952 |0 0  |1 0  |4 0  |6 341_010000000000000_LLA_2005  |7 0  |8 A  |9 419897  |a BIBDER  |b BIBDER  |d 2019-11-22  |h t.4  |i 4762541  |o 341.01 LLA 2005  |p 4762541  |r 2023-01-25  |w 2019-11-22  |y BK  |k DER 
952 |0 0  |1 0  |4 0  |6 341_010000000000000_LLA_2005  |7 0  |8 A  |9 419898  |a BIBDER  |b BIBDER  |d 2019-11-22  |h t.4  |i 476255K  |o 341.01 LLA 2005  |p 476255K  |r 2023-01-25  |w 2019-11-22  |y BK  |k DER 
952 |0 0  |1 0  |4 0  |6 341_010000000000000_LLA_2005  |7 0  |8 A  |9 419899  |a BIBDER  |b BIBDER  |d 2019-11-22  |h t.4  |i 4762568  |l 1  |o 341.01 LLA 2005  |p 4762568  |r 2024-10-22  |s 2024-10-22  |w 2019-11-22  |y BK  |k DER 
952 |0 0  |1 0  |4 0  |6 341_010000000000000_LLA_2005  |7 0  |8 A  |9 419900  |a BIBDER  |b BIBDER  |d 2019-11-22  |h t.4  |i 4762576  |o 341.01 LLA 2005  |p 4762576  |r 2023-01-25  |w 2019-11-22  |y BK  |k DER 
952 |0 0  |1 0  |4 0  |6 341_010000000000000_LLA_2005  |7 0  |8 A  |9 419901  |a BIBDER  |b BIBDER  |d 2019-11-22  |h t.4  |i 4762584  |o 341.01 LLA 2005  |p 4762584  |r 2023-01-25  |w 2019-11-22  |y BK  |k DER